[Event "Test Tournament"]
[Site "Emanuel Lasker Arena"]
[Date "2024.04.02"]
[Round "1"]
[White "Chartwell"]
[Black "Swindler"]
[Result "0-1"]
[WhiteElo "2178"]
[BlackElo "2231"]
[Annotator "RC"]
[PlyCount "100"]
[EventDate "2024.04.02"]
[EventType "swiss (blitz)"]

1. Nf3 {[%emt 0:00:01]} c5 {[%emt 0:00:01]} 2. g3 {[%emt 0:00:01]} Nf6 {[%emt 0:00:01]} 3. Bg2 {[%emt 0:00:01]} Nc6 {[%emt 0:00:01]} 4. O-O {[%emt 0:00:01]} d5 {[%emt 0:00:01]} 5. d4 {[%emt 0:00:01]} cxd4 {[%emt 0:00:01]} 6. Nxd4 {[%emt 0:00:00]} Qb6 {[%emt 0:00:01]} 7. Nxc6 {[%emt 0:00:01]} bxc6 {[%emt 0:00:01]} 8. Be3 {[%emt 0:00:01]} Qxb2 {[%emt 0:00:01]} 9. Bd4 {[%emt 0:00:02]} Qb4 {[%emt 0:00:01]} 10. Qd3 {[%emt 0:00:01]} Bf5 {[%emt 0:00:02]} 11. Qa6 {[%emt 0:00:02]} Rc8 {[%emt 0:00:02]} 12. e3 {[%emt 0:00:01]} Ng4 {[%emt 0:00:02]} 13. a3 {[%emt 0:00:01]} Qb5 {[%emt 0:00:02]} 14. Qxb5 {[%emt 0:00:01]} cxb5 {[%emt 0:00:01]} 15. Bxd5 {[%emt 0:00:00]} Rxc2 {[%emt 0:00:00]} 16. Nc3 {[%emt 0:00:02]} e5 {[%emt 0:00:01]} 17. Bc6+ {[%emt 0:00:01]} Ke7 {[%emt 0:00:01]} 18. Bc5+ {[%emt 0:00:01]} Ke6 {[%emt 0:00:01]} 19. Bd5+ {[%emt 0:00:03]} Kf6 {[%emt 0:00:01]} 20. Bxf8 {[%emt 0:00:00]} Rxf8 {[%emt 0:00:00]} 21. Nxb5 {[%emt 0:00:01]} Bd3 {[%emt 0:00:05]} 22. Rfb1 {[%emt 0:00:02]} Rxf2 {[%emt 0:00:00]} 23. Rb4 {[%emt 0:00:01]} h5 {[%emt 0:00:02]} 24. h4 {[%emt 0:00:01]} Rd2 {[%emt 0:00:02]} 25. Nd6 {[%emt 0:00:01]} Nxe3 {[%emt 0:00:01]} 26. Be4 {[%emt 0:00:03]} Rd8 {[%emt 0:00:01]} 27. Nb7 {[%emt 0:00:02]} Rd4 {[%emt 0:00:02]} 28. Nc5 {[%emt 0:00:02]} Bc4 {[%emt 0:00:01]} 29. Rb7 {[%emt 0:00:02]} Nf5 {[%emt 0:00:01]} 30. Nb3 {[%emt 0:00:02]} Bxb3 {[%emt 0:00:01]} 31. Bxf5 {[%emt 0:00:01]} Rd1+ {[%emt 0:00:01]} 32. Rxd1 {[%emt 0:00:00]} Rxd1+ {[%emt 0:00:00]} 33. Kf2 {[%emt 0:00:01]} Kxf5 {[%emt 0:00:02]} 34. Rxb3 {[%emt 0:00:00]} Kg4 {[%emt 0:00:01]} 35. Rb7 {[%emt 0:00:01]} Rd2+ {[%emt 0:00:01]} 36. Ke1 {[%emt 0:00:01]} Ra2 {[%emt 0:00:02]} 37. Rxf7 {[%emt 0:00:01]} g6 {[%emt 0:00:01]} 38. Rxa7 {[%emt 0:00:01]} Kxg3 {[%emt 0:00:00]} 39. Ra4 {[%emt 0:00:02]} Kh3 {[%emt 0:00:01]} 40. Kd1 {[%emt 0:00:02]} Kg3 {[%emt 0:00:01]} 41. Kc1 {[%emt 0:00:02]} Rf2 {[%emt 0:00:01]} 42. Ra6 {[%emt 0:00:01]} e4 {[%emt 0:00:01]} 43. Rxg6+ {[%emt 0:00:01]} Kxh4 {[%emt 0:00:00]} 44. a4 {[%emt 0:00:01]} e3 {[%emt 0:00:02]} 45. Kd1 {[%emt 0:00:01]} Kh3 {[%emt 0:00:01]} 46. a5 {[%emt 0:00:01]} h4 {[%emt 0:00:01]} 47. a6 {[%emt 0:00:01]} Rg2 {[%emt 0:00:01]} 48. a7 {[%emt 0:00:01]} Ra2 {[%emt 0:00:01]} 49. Rg7 {[%emt 0:00:01]} e2+ {[%emt 0:00:01]} 50. Ke1 {[%emt 0:00:01]} Ra1+ {[%emt 0:00:01]} 0-1

[Event "Test Tournament"]
[Site "Emanuel Lasker Arena"]
[Date "2024.04.02"]
[Round "1"]
[White "Chartwell"]
[Black "MikhailBerg"]
[Result "0-1"]
[WhiteElo "2178"]
[BlackElo "1620"]
[Annotator "RC"]
[PlyCount "84"]
[EventDate "2024.04.02"]
[EventType "swiss (blitz)"]

1. d4 {[%emt 0:00:01]} Nf6 {[%emt 0:00:01]} 2. c4 {[%emt 0:00:01]} g6 {[%emt 0:00:01]} 3. Nc3 {[%emt 0:00:01]} Bg7 {[%emt 0:00:01]} 4. e4 {[%emt 0:00:01]} d6 {[%emt 0:00:01]} 5. h3 {[%emt 0:00:01]} c5 {[%emt 0:00:01]} 6. d5 {[%emt 0:00:01]} e6 {[%emt 0:00:01]} 7. Bf4 {[%emt 0:00:01]} exd5 {[%emt 0:00:01]} 8. cxd5 {[%emt 0:00:00]} Nh5 {[%emt 0:00:01]} 9. Bb5+ {[%emt 0:00:01]} Ke7 {[%emt 0:00:01]} 10. Bg5+ {[%emt 0:00:02]} Bf6 {[%emt 0:00:01]} 11. Bh6 {[%emt 0:00:01]} Bd7 {[%emt 0:00:01]} 12. a4 {[%emt 0:00:01]} a6 {[%emt 0:00:01]} 13. Bc4 {[%emt 0:00:01]} Bg7 {[%emt 0:00:01]} 14. Qd2 {[%emt 0:00:02]} Qf8 {[%emt 0:00:01]} 15. Bg5+ {[%emt 0:00:03]} f6 {[%emt 0:00:01]} 16. Bh4 {[%emt 0:00:01]} Bh6 {[%emt 0:00:01]} 17. Qd3 {[%emt 0:00:02]} Nf4 {[%emt 0:00:01]} 18. Qg3 {[%emt 0:00:02]} g5 {[%emt 0:00:01]} 19. Nf3 {[%emt 0:00:02]} gxh4 {[%emt 0:00:00]} 20. Nxh4 {[%emt 0:00:00]} Rg8 {[%emt 0:00:01]} 21. Qf3 {[%emt 0:00:02]} Qf7 {[%emt 0:00:01]} 22. a5 {[%emt 0:00:01]} f5 {[%emt 0:00:05]} 23. e5 {[%emt 0:00:01]} Qh5 {[%emt 0:00:01]} 24. Qxh5 {[%emt 0:00:00]} Nxh5 {[%emt 0:00:01]} 25. e6 {[%emt 0:00:03]} Kf6 {[%emt 0:00:02]} 26. g4 {[%emt 0:00:01]} Bg5 {[%emt 0:00:01]} 27. Nxf5 {[%emt 0:00:01]} b5 {[%emt 0:00:02]} 28. axb6 {[%emt 0:00:01]} Nf4 {[%emt 0:00:01]} 29. exd7 {[%emt 0:00:00]} Nxd7 {[%emt 0:00:00]} 30. b7 {[%emt 0:00:01]} Rae8+ {[%emt 0:00:01]} 31. Kf1 {[%emt 0:00:01]} Nb6 {[%emt 0:00:02]} 32. Nxd6 {[%emt 0:00:00]} Nxc4 {[%emt 0:00:00]} 33. Nxc4 {[%emt 0:00:01]} a5 {[%emt 0:00:01]} 34. Rxa5 {[%emt 0:00:01]} Bh4 {[%emt 0:00:01]} 35. Rxc5 {[%emt 0:00:01]} Nd3 {[%emt 0:00:01]} 36. Rc6+ {[%emt 0:00:01]} Kg7 {[%emt 0:00:01]} 37. d6 {[%emt 0:00:01]} Rgf8 {[%emt 0:00:01]} 38. Rc7+ {[%emt 0:00:01]} Kg6 {[%emt 0:00:01]} 39. Nd1 {[%emt 0:00:01]} Nxf2 {[%emt 0:00:00]} 40. Kg2 {[%emt 0:00:01]} Nxh1 {[%emt 0:00:01]} 41. d7 {[%emt 0:00:02]} Re2+ {[%emt 0:00:01]} 42. Kxh1 {[%emt 0:00:01]} Rf1# {[%emt 0:00:01]} 0-1

[Event "Test Tournament"]
[Site "Emanuel Lasker Arena"]
[Date "2024.04.09"]
[Round "1"]
[White "Jed Bartlet"]
[Black "Melancholia"]
[Result "1-0"]
[WhiteElo "2159"]
[BlackElo "1620"]
[Annotator "RC"]
[PlyCount "43"]
[EventDate "2024.04.09"]
[EventType "swiss (blitz)"]

1. Nf3 {[%emt 0:00:01]} c5 {[%emt 0:00:01]} 2. g3 {[%emt 0:00:01]} g6 {[%emt 0:00:01]} 3. Bg2 {[%emt 0:00:01]} Bg7 {[%emt 0:00:02]} 4. O-O {[%emt 0:00:01]} Nf6 {[%emt 0:00:01]} 5. c4 {[%emt 0:00:01]} Nc6 {[%emt 0:00:01]} 6. Nc3 {[%emt 0:00:01]} O-O {[%emt 0:00:01]} 7. d3 {[%emt 0:00:01]} d5 {[%emt 0:00:01]} 8. Nxd5 {[%emt 0:00:01]} Nxd5 {[%emt 0:00:01]} 9. cxd5 {[%emt 0:00:01]} Qxd5 {[%emt 0:00:01]} 10. Be3 {[%emt 0:00:04]} Bxb2 {[%emt 0:00:02]} 11. Rb1 {[%emt 0:00:01]} Qxa2 {[%emt 0:00:01]} 12. Qc2 {[%emt 0:00:01]} Bh3 {[%emt 0:00:04]} 13. Bxh3 {[%emt 0:00:01]} b5 {[%emt 0:00:04]} 14. Rxb2 {[%emt 0:00:01]} Qa6 {[%emt 0:00:08]} 15. Qxc5 {[%emt 0:00:03]} b4 {[%emt 0:00:01]} 16. Rc2 {[%emt 0:00:03]} b3 {[%emt 0:00:03]} 17. Qxc6 {[%emt 0:00:01]} Qxc6 {[%emt 0:00:00]} 18. Rxc6 {[%emt 0:00:01]} b2 {[%emt 0:00:02]} 19. Rb1 {[%emt 0:00:03]} Rab8 {[%emt 0:00:03]} 20. Rxb2 {[%emt 0:00:03]} Rxb2 {[%emt 0:00:01]} 21. Ra6 {[%emt 0:00:02]} Rxe2 {[%emt 0:00:01]} 22. Rxa7 {[%emt 0:00:01] Melancholia resigns (Lag: Av=0.05s, max=0.1s)} 1-0

[Event "Test Tournament"]
[Site "Emanuel Lasker Arena"]
[Date "2024.04.09"]
[Round "1"]
[White "Jed Bartlet"]
[Black "Copacablanca"]
[Result "1-0"]
[WhiteElo "2159"]
[BlackElo "1922"]
[Annotator "RC"]
[PlyCount "81"]
[EventDate "2024.04.09"]
[EventType "swiss (blitz)"]

1. d4 {[%emt 0:00:01]} d5 {[%emt 0:00:01]} 2. c4 {[%emt 0:00:01]} dxc4 {[%emt 0:00:01]} 3. Nf3 {[%emt 0:00:01]} Nf6 {[%emt 0:00:01]} 4. e3 {[%emt 0:00:01]} e6 {[%emt 0:00:01]} 5. Bxc4 {[%emt 0:00:01]} c5 {[%emt 0:00:01]} 6. O-O {[%emt 0:00:01]} a6 {[%emt 0:00:01]} 7. Qe2 {[%emt 0:00:01]} Nc6 {[%emt 0:00:01]} 8. Rd1 {[%emt 0:00:01]} b5 {[%emt 0:00:01]} 9. dxc5 {[%emt 0:00:04]} Qc7 {[%emt 0:00:01]} 10. Bb3 {[%emt 0:00:04]} Bxc5 {[%emt 0:00:01]} 11. a4 {[%emt 0:00:01]} O-O {[%emt 0:00:20]} 12. axb5 {[%emt 0:00:01]} Na5 {[%emt 0:00:01]} 13. Bc2 {[%emt 0:00:03]} axb5 {[%emt 0:00:01]} 14. Qxb5 {[%emt 0:00:01]} Bd7 {[%emt 0:00:03]} 15. Qe2 {[%emt 0:00:03]} Nc6 {[%emt 0:00:02]} 16. Rxa8 {[%emt 0:00:01]} Rxa8 {[%emt 0:00:01]} 17. Qb5 {[%emt 0:00:03]} Ne5 {[%emt 0:00:03]} 18. Qe2 {[%emt 0:00:03]} Ra2 {[%emt 0:00:02]} 19. Nc3 {[%emt 0:00:02]} Nxf3+ {[%emt 0:00:02]} 20. Qxf3 {[%emt 0:00:01]} Ra1 {[%emt 0:00:01]} 21. b3 {[%emt 0:00:02]} Qc6 {[%emt 0:00:01]} 22. Qf4 {[%emt 0:00:02]} Qb6 {[%emt 0:00:01]} 23. Bb2 {[%emt 0:00:02]} Rxd1+ {[%emt 0:00:01]} 24. Bxd1 {[%emt 0:00:01]} Qb4 {[%emt 0:00:01]} 25. Bc2 {[%emt 0:00:02]} Qxf4 {[%emt 0:00:01]} 26. exf4 {[%emt 0:00:01]} Nd5 {[%emt 0:00:01]} 27. Na4 {[%emt 0:00:01]} Be7 {[%emt 0:00:01]} 28. Be5 {[%emt 0:00:01]} Bf6 {[%emt 0:00:01]} 29. Nc5 {[%emt 0:00:01]} Bxe5 {[%emt 0:00:01]} 30. fxe5 {[%emt 0:00:01]} Bc8 {[%emt 0:00:01]} 31. Be4 {[%emt 0:00:01]} g6 {[%emt 0:00:01]} 32. g3 {[%emt 0:00:01]} Kf8 {[%emt 0:00:01]} 33. f4 {[%emt 0:00:01]} f6 {[%emt 0:00:01]} 34. Kf2 {[%emt 0:00:01]} Kf7 {[%emt 0:00:01]} 35. Ke2 {[%emt 0:00:01]} Kf8 {[%emt 0:00:01]} 36. Kd3 {[%emt 0:00:01]} Ke8 {[%emt 0:00:01]} 37. Kd4 {[%emt 0:00:01]} fxe5+ {[%emt 0:00:00]} 38. Kxe5 {[%emt 0:00:00]} Ne3 {[%emt 0:00:01]} 39. b4 {[%emt 0:00:01]} Kd8 {[%emt 0:00:01]} 40. Kd4 {[%emt 0:00:01]} Nd1 {[%emt 0:00:00] '} 41. b5 {[%emt 0:00:00] (Lag: Av=0.06s, max=0.4s)} 1-0

[Event "Test Tournament"]
[Site "Emanuel Lasker Arena"]
[Date "2024.04.09"]
[Round "1"]
[White "Chartwell"]
[Black "Mrs Florrick"]
[Result "1-0"]
[WhiteElo "2149"]
[BlackElo "1780"]
[Annotator "RC"]
[PlyCount "69"]
[EventDate "2024.04.09"]
[EventType "swiss (blitz)"]

1. d4 {[%emt 0:00:01]} Nf6 {[%emt 0:00:01]} 2. c4 {[%emt 0:00:01]} c5 {[%emt 0:00:01]} 3. d5 {[%emt 0:00:01]} b5 {[%emt 0:00:01]} 4. Qc2 {[%emt 0:00:01]} b4 {[%emt 0:00:02]} 5. Nf3 {[%emt 0:00:05]} g6 {[%emt 0:00:01]} 6. e4 {[%emt 0:00:01]} d6 {[%emt 0:00:01]} 7. Bd3 {[%emt 0:00:01]} Bg4 {[%emt 0:00:01]} 8. Be3 {[%emt 0:00:01]} Bxf3 {[%emt 0:00:01]} 9. gxf3 {[%emt 0:00:01]} Nbd7 {[%emt 0:00:04]} 10. a3 {[%emt 0:00:02]} Ne5 {[%emt 0:00:04]} 11. axb4 {[%emt 0:00:04]} Nxf3+ {[%emt 0:00:01]} 12. Ke2 {[%emt 0:00:01]} Ng4 {[%emt 0:00:13]} 13. Kxf3 {[%emt 0:00:03]} Nxe3 {[%emt 0:00:02]} 14. Qa4+ {[%emt 0:00:01]} Qd7 {[%emt 0:00:01]} 15. Qxd7+ {[%emt 0:00:01]} Kxd7 {[%emt 0:00:01]} 16. b5 {[%emt 0:00:03]} Bg7 {[%emt 0:00:02]} 17. fxe3 {[%emt 0:00:01]} Bxb2 {[%emt 0:00:01]} 18. Ra2 {[%emt 0:00:03]} a5 {[%emt 0:00:07]} 19. Rxb2 {[%emt 0:00:01]} e5 {[%emt 0:00:01]} 20. Ra2 {[%emt 0:00:02]} h5 {[%emt 0:00:01]} 21. Nd2 {[%emt 0:00:02]} a4 {[%emt 0:00:02]} 22. Ke2 {[%emt 0:00:02]} Rh6 {[%emt 0:00:01]} 23. Rha1 {[%emt 0:00:02]} f5 {[%emt 0:00:01]} 24. exf5 {[%emt 0:00:02]} g5 {[%emt 0:00:01]} 25. f6 {[%emt 0:00:02]} Rxf6 {[%emt 0:00:01]} 26. Rxa4 {[%emt 0:00:01]} Rxa4 {[%emt 0:00:01]} 27. Rxa4 {[%emt 0:00:01]} Kc7 {[%emt 0:00:01]} 28. Ra7+ {[%emt 0:00:01]} Kb8 {[%emt 0:00:01]} 29. b6 {[%emt 0:00:01]} g4 {[%emt 0:00:01]} 30. Rg7 {[%emt 0:00:01]} Rf8 {[%emt 0:00:01]} 31. b7 {[%emt 0:00:01]} Ka7 {[%emt 0:00:01]} 32. Ne4 {[%emt 0:00:01]} Kb8 {[%emt 0:00:01]} 33. Nxd6 {[%emt 0:00:01]} h4 {[%emt 0:00:01]} 34. Rxg4 {[%emt 0:00:01]} h3 {[%emt 0:00:01] '} 35. Rg7 {[%emt 0:00:01] (Lag: Av=0.08s, max=0.7s)} 1-0

[Event "Test Tournament"]
[Site "Emanuel Lasker Arena"]
[Date "2024.04.09"]
[Round "1"]
[White "Chartwell"]
[Black "CheckMaid"]
[Result "1-0"]
[WhiteElo "2149"]
[BlackElo "1645"]
[PlyCount "59"]
[EventDate "2024.04.09"]
[EventType "swiss (blitz)"]

1. c4 {[%emt 0:00:01]} g6 {[%emt 0:00:02]} 2. Nc3 {[%emt 0:00:01]} Nf6 {[%emt 0:00:01]} 3. e4 {[%emt 0:00:01]} d6 {[%emt 0:00:01]} 4. d4 {[%emt 0:00:01]} Bg7 {[%emt 0:00:05]} 5. h3 {[%emt 0:00:01]} c5 {[%emt 0:00:01]} 6. d5 {[%emt 0:00:01]} Qa5 {[%emt 0:00:01]} 7. Bd2 {[%emt 0:00:01]} Bd7 {[%emt 0:00:07]} 8. Nf3 {[%emt 0:00:04]} h5 {[%emt 0:00:03]} 9. Nb5 {[%emt 0:00:04]} Qb6 {[%emt 0:00:04]} 10. Bc3 {[%emt 0:00:05]} Bh6 {[%emt 0:00:04]} 11. h4 {[%emt 0:00:04]} Bg4 {[%emt 0:00:03]} 12. Qa4 {[%emt 0:00:03]} O-O {[%emt 0:00:03]} 13. Bd3 {[%emt 0:00:03]} e5 {[%emt 0:00:02]} 14. Ng5 {[%emt 0:00:03]} a5 {[%emt 0:00:02]} 15. O-O {[%emt 0:00:02]} Na6 {[%emt 0:00:02]} 16. f3 {[%emt 0:00:01]} Nb4 {[%emt 0:00:02]} 17. Be2 {[%emt 0:00:01]} Bc8 {[%emt 0:00:02]} 18. f4 {[%emt 0:00:02]} Bxg5 {[%emt 0:00:01]} 19. fxg5 {[%emt 0:00:01]} Nxe4 {[%emt 0:00:01]} 20. Rab1 {[%emt 0:00:02]} Bg4 {[%emt 0:00:01]} 21. Rbe1 {[%emt 0:00:02]} Bd7 {[%emt 0:00:01]} 22. Rd1 {[%emt 0:00:02]} Ng3 {[%emt 0:00:01]} 23. Rf2 {[%emt 0:00:02]} e4 {[%emt 0:00:02]} 24. Kh2 {[%emt 0:00:02]} e3 {[%emt 0:00:01]} 25. Kxg3 {[%emt 0:00:01]} exf2 {[%emt 0:00:01]} 26. Kxf2 {[%emt 0:00:01]} Bxb5 {[%emt 0:00:00]} 27. cxb5 {[%emt 0:00:01]} Rfe8 {[%emt 0:00:01]} 28. Bf3 {[%emt 0:00:01]} c4+ {[%emt 0:00:01]} 29. Bd4 {[%emt 0:00:01]} Qc7 {[%emt 0:00:02]} 30. b6 {[%emt 0:00:02] Time ' (Lag: Av=0.05s, max=0.1s)} 1-0

[Event "Test Tournament"]
[Site "Emanuel Lasker Arena"]
[Date "2024.04.09"]
[Round "1"]
[White "Chartwell"]
[Black "CheckMaid"]
[Result "*"]
[WhiteElo "2149"]
[BlackElo "1645"]
[Annotator "RC"]
[PlyCount "41"]
[EventDate "2024.04.09"]
[EventType "swiss (blitz)"]

{CheckMaid resigns Chartwell resigns} 1. Nf3 {[%emt 0:00:01]} c5 {[%emt 0:00:01]} 2. g3 {[%emt 0:00:01]} Nf6 {[%emt 0:00:01]} 3. Bg2 {[%emt 0:00:01]} Nc6 {[%emt 0:00:01]} 4. O-O {[%emt 0:00:01]} d5 {[%emt 0:00:01]} 5. d3 {[%emt 0:00:01]} e6 {[%emt 0:00:01]} 6. Nbd2 {[%emt 0:00:01]} Be7 {[%emt 0:00:01]} 7. e4 {[%emt 0:00:01]} O-O {[%emt 0:00:01]} 8. Re1 {[%emt 0:00:01]} Qc7 {[%emt 0:00:02]} 9. c3 {[%emt 0:00:04]} e5 {[%emt 0:00:04]} 10. Rf1 {[%emt 0:00:01]} h6 {[%emt 0:00:07]} 11. a4 {[%emt 0:00:01]} Bg4 {[%emt 0:00:07]} 12. h3 {[%emt 0:00:04]} Bh5 {[%emt 0:00:03]} 13. g4 {[%emt 0:00:03]} c4 {[%emt 0:00:17]} 14. gxh5 {[%emt 0:00:03]} cxd3 {[%emt 0:00:01]} 15. exd5 {[%emt 0:00:01]} Nxd5 {[%emt 0:00:01]} 16. Ne4 {[%emt 0:00:03]} g5 {[%emt 0:00:01]} 17. Qxd3 {[%emt 0:00:03]} Rad8 {[%emt 0:00:01]} 18. Be3 {[%emt 0:00:03]} Nf4 {[%emt 0:00:01]} 19. Qb5 {[%emt 0:00:03]} Rd5 {[%emt 0:00:01]} 20. Qc4 {[%emt 0:00:03]} Qa5 {[%emt 0:00:02]} 21. b4 {[%emt 0:00:02]} *

[Event "Test Tournament"]
[Site "Emanuel Lasker Arena"]
[Date "2024.04.09"]
[Round "1"]
[White "Jamie Fraser"]
[Black "Bauernklopper"]
[Result "1-0"]
[WhiteElo "2119"]
[BlackElo "1620"]
[Annotator "RC"]
[PlyCount "89"]
[EventDate "2024.04.09"]
[EventType "swiss (blitz)"]

1. e4 {[%emt 0:00:01]} e5 {[%emt 0:00:01]} 2. Nf3 {[%emt 0:00:01]} Nc6 {[%emt 0:00:01]} 3. Bb5 {[%emt 0:00:01]} Nf6 {[%emt 0:00:01]} 4. d3 {[%emt 0:00:01]} Bc5 {[%emt 0:00:01]} 5. O-O {[%emt 0:00:01]} d6 {[%emt 0:00:01]} 6. c3 {[%emt 0:00:01]} O-O {[%emt 0:00:00]} 7. Nbd2 {[%emt 0:00:01]} a6 {[%emt 0:00:01]} 8. Ba4 {[%emt 0:00:01]} b5 {[%emt 0:00:01]} 9. Bc2 {[%emt 0:00:01]} h6 {[%emt 0:00:04]} 10. a4 {[%emt 0:00:01]} b4 {[%emt 0:00:10]} 11. Nb3 {[%emt 0:00:04]} Bb6 {[%emt 0:00:02]} 12. a5 {[%emt 0:00:01]} Ba7 {[%emt 0:00:03]} 13. h4 {[%emt 0:00:04]} bxc3 {[%emt 0:00:03]} 14. bxc3 {[%emt 0:00:01]} d5 {[%emt 0:00:02]} 15. d4 {[%emt 0:00:03]} Nxe4 {[%emt 0:00:01]} 16. dxe5 {[%emt 0:00:01]} Nxc3 {[%emt 0:00:02]} 17. Qd3 {[%emt 0:00:03]} Ne4 {[%emt 0:00:01]} 18. Ba3 {[%emt 0:00:03]} Re8 {[%emt 0:00:02]} 19. Nbd4 {[%emt 0:00:03]} Bxd4 {[%emt 0:00:03]} 20. Nxd4 {[%emt 0:00:00]} Nxe5 {[%emt 0:00:01]} 21. Qe2 {[%emt 0:00:03]} c5 {[%emt 0:00:01]} 22. f3 {[%emt 0:00:01]} cxd4 {[%emt 0:00:02]} 23. fxe4 {[%emt 0:00:01]} Qxa5 {[%emt 0:00:01]} 24. Be7 {[%emt 0:00:02]} d3 {[%emt 0:00:02]} 25. Bxd3 {[%emt 0:00:01]} Qb6+ {[%emt 0:00:01]} 26. Kh1 {[%emt 0:00:02]} Rxe7 {[%emt 0:00:01]} 27. exd5 {[%emt 0:00:01]} a5 {[%emt 0:00:01]} 28. Qe4 {[%emt 0:00:02]} Qg6 {[%emt 0:00:01]} 29. d6 {[%emt 0:00:02]} Qxe4 {[%emt 0:00:02]} 30. Bxe4 {[%emt 0:00:01]} Bb7 {[%emt 0:00:02]} 31. Rfe1 {[%emt 0:00:01]} Ng4 {[%emt 0:00:01]} 32. dxe7 {[%emt 0:00:01]} Bxe4 {[%emt 0:00:00]} 33. Rxa5 {[%emt 0:00:01]} Rf8 {[%emt 0:00:00]} 34. exf8=B {[%emt 0:00:01]} Kxf8 {[%emt 0:00:00]} 35. Ra7 {[%emt 0:00:01]} Nf6 {[%emt 0:00:01]} 36. Ra6 {[%emt 0:00:01]} Nh5 {[%emt 0:00:00]} 37. Rb6 {[%emt 0:00:01]} f6 {[%emt 0:00:01]} 38. Rb5 {[%emt 0:00:01]} Bg6 {[%emt 0:00:01]} 39. Rb7 {[%emt 0:00:01]} Kg8 {[%emt 0:00:00]} 40. g4 {[%emt 0:00:01]} Bd3 {[%emt 0:00:01]} 41. gxh5 {[%emt 0:00:01]} Bg6 {[%emt 0:00:00]} 42. hxg6 {[%emt 0:00:01]} Kf8 {[%emt 0:00:00]} 43. h5 {[%emt 0:00:01]} f5 {[%emt 0:00:00]} 44. Re5 {[%emt 0:00:01]} f4 {[%emt 0:00:00] '} 45. Ree7 {[%emt 0:00:01] (Lag: Av=0.06s, max=0.5s)} 1-0

[Event "Test Tournament"]
[Site "Emanuel Lasker Arena"]
[Date "2024.04.09"]
[Round "1"]
[White "Jamie Fraser"]
[Black "Bauernklopper"]
[Result "*"]
[WhiteElo "2119"]
[BlackElo "1620"]
[Annotator "RC"]
[PlyCount "54"]
[EventDate "2024.04.09"]
[EventType "swiss (blitz)"]

{Bauernklopper resigns Jamie Fraser resigns} 1. e4 {[%emt 0:00:01]} e5 {[%emt 0:00:01]} 2. Nf3 {[%emt 0:00:01]} Nc6 {[%emt 0:00:01]} 3. Bb5 {[%emt 0:00:01]} Nf6 {[%emt 0:00:01]} 4. Nc3 {[%emt 0:00:01]} Bb4 {[%emt 0:00:01]} 5. O-O {[%emt 0:00:01]} O-O {[%emt 0:00:01]} 6. Bxc6 {[%emt 0:00:01]} dxc6 {[%emt 0:00:01]} 7. d3 {[%emt 0:00:01]} Be6 {[%emt 0:00:01]} 8. Nxe5 {[%emt 0:00:01]} Nd7 {[%emt 0:00:01]} 9. Bf4 {[%emt 0:00:08]} Re8 {[%emt 0:00:02]} 10. Nf3 {[%emt 0:00:02]} h6 {[%emt 0:00:04]} 11. h4 {[%emt 0:00:03]} Qf6 {[%emt 0:00:04]} 12. Qd2 {[%emt 0:00:01]} Qg6 {[%emt 0:00:04]} 13. Nd4 {[%emt 0:00:01]} Qg4 {[%emt 0:00:03]} 14. f3 {[%emt 0:00:08]} Qxh4 {[%emt 0:00:01]} 15. Bxc7 {[%emt 0:00:01]} Bh3 {[%emt 0:00:07]} 16. Qf4 {[%emt 0:00:02]} Qxf4 {[%emt 0:00:03]} 17. Bxf4 {[%emt 0:00:01]} Bxc3 {[%emt 0:00:02]} 18. bxc3 {[%emt 0:00:01]} Bxg2 {[%emt 0:00:02]} 19. Kxg2 {[%emt 0:00:01]} Ne5 {[%emt 0:00:02]} 20. Nf5 {[%emt 0:00:02]} f6 {[%emt 0:00:02]} 21. a4 {[%emt 0:00:02]} Kh7 {[%emt 0:00:02]} 22. Rh1 {[%emt 0:00:02]} b6 {[%emt 0:00:01]} 23. a5 {[%emt 0:00:02]} b5 {[%emt 0:00:01]} 24. c4 {[%emt 0:00:01]} a6 {[%emt 0:00:01]} 25. Nd6 {[%emt 0:00:01]} Re6 {[%emt 0:00:02]} 26. Nf5 {[%emt 0:00:01]} Kg8 {[%emt 0:00:01]} 27. c5 {[%emt 0:00:01]} g6 {[%emt 0:00:02]} *

[Event "Test Tournament"]
[Site "Emanuel Lasker Arena"]
[Date "2024.04.09"]
[Round "1"]
[White "Jamie Fraser"]
[Black "Churchill"]
[Result "1-0"]
[WhiteElo "2119"]
[BlackElo "1620"]
[Annotator "RC"]
[PlyCount "47"]
[EventDate "2024.04.09"]
[EventType "swiss (blitz)"]

1. e4 {[%emt 0:00:01]} c5 {[%emt 0:00:02]} 2. Nf3 {[%emt 0:00:01]} d6 {[%emt 0:00:02]} 3. d4 {[%emt 0:00:01]} cxd4 {[%emt 0:00:01]} 4. Nxd4 {[%emt 0:00:01]} Nf6 {[%emt 0:00:01]} 5. Nc3 {[%emt 0:00:01]} g6 {[%emt 0:00:01]} 6. Be3 {[%emt 0:00:01]} Bg7 {[%emt 0:00:01]} 7. f3 {[%emt 0:00:01]} Qa5 {[%emt 0:00:01]} 8. Nb3 {[%emt 0:00:01]} Qe5 {[%emt 0:00:04]} 9. f4 {[%emt 0:00:04]} Ng4 {[%emt 0:00:18]} 10. Bb5+ {[%emt 0:00:01]} Nc6 {[%emt 0:00:01]} 11. fxe5 {[%emt 0:00:01]} Nxe3 {[%emt 0:00:01]} 12. Qd2 {[%emt 0:00:04]} f6 {[%emt 0:00:11]} 13. Qxe3 {[%emt 0:00:03]} fxe5 {[%emt 0:00:01]} 14. Bxc6+ {[%emt 0:00:01]} bxc6 {[%emt 0:00:01]} 15. Na5 {[%emt 0:00:03]} O-O {[%emt 0:00:02]} 16. Nxc6 {[%emt 0:00:01]} Kh8 {[%emt 0:00:02]} 17. Nxe7 {[%emt 0:00:03]} Bf5 {[%emt 0:00:02]} 18. exf5 {[%emt 0:00:03]} gxf5 {[%emt 0:00:01]} 19. Nxf5 {[%emt 0:00:01]} Rxf5 {[%emt 0:00:01]} 20. Kd2 {[%emt 0:00:02]} a5 {[%emt 0:00:01]} 21. Kc1 {[%emt 0:00:02]} h5 {[%emt 0:00:02]} 22. Kb1 {[%emt 0:00:02]} h4 {[%emt 0:00:01]} 23. Qe4 {[%emt 0:00:02]} Re8 {[%emt 0:00:02]} 24. Qxf5 {[%emt 0:00:02] Time '} 1-0

[Event "Test Tournament"]
[Site "Emanuel Lasker Arena"]
[Date "2024.04.09"]
[Round "1"]
[White "Irina"]
[Black "Sunset"]
[Result "0-1"]
[WhiteElo "2113"]
[BlackElo "1878"]
[Annotator "RC"]
[PlyCount "24"]
[EventDate "2024.04.09"]
[EventType "swiss (blitz)"]

1. d4 {[%emt 0:00:01]} d5 {[%emt 0:00:01]} 2. c4 {[%emt 0:00:01]} e6 {[%emt 0:00:01]} 3. Nf3 {[%emt 0:00:01]} Nf6 {[%emt 0:00:01]} 4. g3 {[%emt 0:00:02]} Bb4+ {[%emt 0:00:01]} 5. Bd2 {[%emt 0:00:01]} Be7 {[%emt 0:00:01]} 6. Bg2 {[%emt 0:00:01]} O-O {[%emt 0:00:01]} 7. O-O {[%emt 0:00:01]} Nbd7 {[%emt 0:00:02]} 8. Qc2 {[%emt 0:00:01]} c6 {[%emt 0:00:01]} 9. Bf4 {[%emt 0:00:01]} b6 {[%emt 0:00:01]} 10. Nbd2 {[%emt 0:00:02]} Ba6 {[%emt 0:00:04]} 11. b3 {[%emt 0:00:01]} Rc8 {[%emt 0:00:01]} 12. Ne5 {[%emt 0:00:01]} c5 {[%emt 0:00:01] Sunset resigns Irina resigns (Lag: Av=0.05s, max=0.1s)} 0-1